Natural and man made disasters : (Record no. 51971)

MARC details
000 -LEADER
fixed length control field 01463nam a22003257a 4500
005 - DATE AND TIME OF LATEST TRANSACTION
control field 20110428135455.0
008 - FIXED-LENGTH DATA ELEMENTS--GENERAL INFORMATION
fixed length control field 110428t xxu||||| |||| 00| 0 eng d
010 ## - LCCN (DPL NO)
LC control number ENG-102378-379
020 ## - INTERNATIONAL STANDARD BOOK NUMBER
International Standard Book Number 9788175332003(set of 2 vols.)
Terms of availability 2995.00 (set of 2 vols.)
020 ## - INTERNATIONAL STANDARD BOOK NUMBER
International Standard Book Number 9788175332010 v.1
Terms of availability 2995.00 (set of 2 vols.)
020 ## - INTERNATIONAL STANDARD BOOK NUMBER
International Standard Book Number 9788175332027 v.2
Terms of availability 2995.00 (set of 2 vols.)
035 ## - SYSTEM CONTROL NUMBER
System control number EN-85911-912
037 ## - SOURCE OF ACQUISITION
Source of stock number/acquisition DBAD/PUB
040 ## - CATALOGING SOURCE
Original cataloging agency dpl
Language of cataloging Eng
082 ## - DEWEY DECIMAL CLASSIFICATION NUMBER
Classification number 690.24
100 ## - MAIN ENTRY--PERSONAL NAME
9 (RLIN) 27456
245 ## - TITLE STATEMENT
Title Natural and man made disasters :
Statement of responsibility, etc edited by K. K. Singh [and] A. K. Singh
Remainder of title vulnerability, preparedness and mitigation /
260 ## - PUBLICATION, DISTRIBUTION, ETC. (IMPRINT)
Place of publication, distribution, etc New Delhi
Name of publisher, distributor, etc MD Publications
Date of publication, distribution, etc 2010
270 ## - ADDRESS
Address "MD House", 11, Darya Ganj
City New Delhi
Postal code 110002
Telephone number 91-11-45355555
Electronic mail address contact@mdppl.com
300 ## - PHYSICAL DESCRIPTION
Extent 2v.(xvii,402 ; xvii,403-691) p.
Dimensions 25cm (Hb)
500 ## - GENERAL NOTE
General note Includes bibliographical references and index
610 ## - SUBJECT ADDED ENTRY--CORPORATE NAME
9 (RLIN) 27464
650 ## - SUBJECT ADDED ENTRY--TOPICAL TERM
9 (RLIN) 27465
651 ## - SUBJECT ADDED ENTRY--GEOGRAPHIC NAME
9 (RLIN) 27466
700 ## - ADDED ENTRY--PERSONAL NAME
9 (RLIN) 27451
Personal name Singh, A. K.
710 ## - ADDED ENTRY--CORPORATE NAME
9 (RLIN) 27453
942 ## - ADDED ENTRY ELEMENTS (KOHA)
Source of classification or shelving scheme Dewey Decimal Classification
Item type English Books
Classification part 690.24
Call number suffix NAT
Holdings
Withdrawn status Lost status Source of classification or shelving scheme Materials specified (bound volume or other part) Damaged status Not for loan Collection code Home library Current library Date acquired Source of acquisition Cost, normal purchase price Total Checkouts Full call number Barcode Date last seen Copy number Cost, replacement price Koha item type
    Dewey Decimal Classification v.1   Not For Loan Non-fiction D.B.Act.Division D.B.Act.Division 28/04/2011 DBAD/PUB 2995.00   690.24 NAT EN-85911 28/04/2011 1 2995.00 English Books
    Dewey Decimal Classification v.2   Not For Loan Non-fiction D.B.Act.Division D.B.Act.Division 28/04/2011 DBAD/PUB 2995.00   690.24 NAT EN-85912 28/04/2011 1 2995.00 English Books

© Delhi Public Library
Hit Counter
free hit counter